000 00857nmm a2200265 a 4500
001 ocm000702923
003 TR-IsHL
005 20201028123413.0
008 130902s2010 tu tur
007 cr cn
035 _a702923
_b(N$T)
050 0 4 _aPQ2228.T8
_bU2 2010
090 0 4 _aPQ2228.T8
_bU2 2010
100 1 _aDumas, Alexandre
245 1 0 _aÜç silahşorlar
_h[electronic resource] /
_cAlexandre Dumas ; ed. Osman Avcıoğlu
260 _aİstanbul :
_bBirleşik Yayınları,
_c2010
300 _a63 p.
650 4 _aDil ve Edebiyat
650 4 _aLanguage and Literature
650 0 _aFransız romanı
650 0 _aFrench fiction
650 7 _aLITERARY COLLECTIONS / European / French
_2bisacsh
700 1 _aAvcıoğlu, Osman
856 4 0 _uhttp://search.ebscohost.com/login.aspx?direct=true&scope=site&db=e011xww&AN=702923
999 _c2387
_d2387